000 00947nam a22002657a 4500
001 BR9403005
003 BR-BrBNA
005 20230928094033.0
007 ta
008 230509b bl.||||| |||| 00| 0 por d
040 _aBR-BrBNA
_bpor
_cBiblioteca Nacional de Agricultura
041 _a(Por)
072 _aL73
_b8830
_b4110
090 _ 8830 BR9403005
100 1 _aRoxo, E.
110 1 _aUniversidade de Sao Paulo, SP (Brasil). Faculdade de Medicina Veterinaria e Zootecnia
_0Tese (Mestre em Patologia Experimental e Comparada)
_910560
245 1 _aPatogenia comparada das cepas de micobacterias BCG e H37Rv em Hamster (Mesocricetus auratus)influencia das vias sanguinea e linfatica
260 3 _aSao Paulo, SP (Brasil):
_c1992.
300 _a51 p.
500 _a14 graphs; Summaries (Eng, Por); Bibliography p. 44-51 (50 ref.)
650 _aHamster
650 _aTuberculose
909 _a202309
_bLucia
_c55
_dLucia Elande
942 _cBK
999 _c48542
_d48542